000
00175 a2200085 4500
020
_a
9782090316261
245
_a
Le Malade inaginaire
260
_b
CLE International
942
_c
BK
999
_c
57859
_d
57859